| 000 | 00588nam a22001817a 4500 | ||
|---|---|---|---|
| 005 | 20251108165848.0 | ||
| 008 | 250721s1992 xx 000 0 ara d | ||
| 082 | 1 | 4 | _aط/649.1/سنا |
| 100 | 1 | _aأبو زيد، سناء عبد الله | |
| 245 | 1 | 0 |
_aمشكلات الطفل الرضيع : _bشكوى و موقف نصيحه و تعرف / |
| 264 | 1 |
_aالقاهرة : _bشركة سفير، _c1992. |
|
| 300 | _a87ص | ||
| 490 | 0 | _aأطفالنا :سلسلة سفير التربويه؛4 | |
| 650 | 1 | 7 | _aالأطفال |
| 650 | 1 | 7 | _aالصحه |
| 942 |
_2ddc _cBK |
||
| 999 |
_c33256 _d33256 |
||